000 00748cab a22002295a 4500
001 L157372
008 121115e20120923xxk 000 0 eng d
035 _a(Sirsi) u157372
041 0 _aeng
100 1 _aSimmons, Mark
245 0 0 _aFocus
_bEG London
260 _c2012
490 _aEstates Gazette
_v(1238) 22 September 2012, 67-83(14)
520 _aIncludes information on London offices, the redevelopment of Victoria Street, the prospects for Canary Wharf and the latest on the trend for converting West End and City offices into luxury appartments.
590 _aKA
651 4 _aLondon
690 _aCommercial property
_96227
700 1 _aMorrison, Adrian
700 1 _aThame, David
700 1 _aNorwood, Graham
942 _n0
999 _c84360
_d84360